Mapa geológico de España : escala 1: 50.000 : explicación de la hoja nº 393, Mataró escala 1:
Publicado:
Madrid :
Instituto Geológico y Minero de España, con la colaboración de la Excma. Diputación Provincial de Barcelona ,
1946
Descripción Física:
124 p. . il. ; 1 map. pleg. ; 24 cm
Materias:
Geologia -- Mataró
MARC
| LEADER | 00000nam a2200000Ia 4500 | ||
|---|---|---|---|
| 001 | 913 | ||
| 003 | BGR | ||
| 005 | 20260324175221.0 | ||
| 008 | 160829s1946 xx 000 0 cat d | ||
| 080 | |a C-1-184 | ||
| 245 | |a Mapa geológico de España : |b escala 1: |b 50.000 : |b explicación de la hoja nº 393, Mataró | ||
| 260 | |a Madrid : |b Instituto Geológico y Minero de España, con la colaboración de la Excma. Diputación Provincial de Barcelona, |c 1946 | ||
| 300 | |a 124 p. . il. ; |c 1 map. pleg. ; |c 24 cm | ||
| 650 | |a Geologia |x Mataró |9 20984 | ||
| 710 | 1 | |a Barcelona (Catalunya : Província). |b Diputació |9 52408 | |
| 710 | 1 | |a Instituto Geológico y Minero de España |9 71188 | |
| 901 | |a Arxiu | ||
| 942 | |n 1 |2 udc |c MON | ||
| 952 | |0 0 |1 0 |4 0 |6 C1184 |7 1 |9 41765 |a Arxiu |b Arxiu |d 2016-12-01 |l 0 |o C-1-184 |p 913 |r 2016-12-01 00:00:00 |w 2016-12-01 |y ARXIU | ||
| 999 | |c 43655 |d 43655 | ||